Website quản lý đào tạo tín chỉ
Giới thiệu đề tài. Kết quả thực hiện đề tài. Sơ đồ USE Case. Sơ đồ lớp. Sơ đồ thực thể quan hệ. Giao diện
Spremljeno u:
| Glavni autor: | |
|---|---|
| Daljnji autori: | |
| Format: | Knjiga |
| Jezik: | Vietnamese |
| Izdano: |
Đà Nẵng
Đại học Đà Nẵng
2007
|
| Teme: | |
| Oznake: |
Dodaj oznaku
Bez oznaka, Budi prvi tko označuje ovaj zapis!
|
| Thư viện lưu trữ: | Mạng thư viện Đại học Đà Nẵng |
|---|
| LEADER | 01432nam a2200373 4500 | ||
|---|---|---|---|
| 001 | 000011813 | ||
| 003 | 8087 | ||
| 005 | 20120210140232.0 | ||
| 008 | 120210s2007 viesd | ||
| 041 | |a vie | ||
| 072 | |a Khóa luận tốt nghiệp | ||
| 082 | |a 006.3 |b TR-L | ||
| 100 | |a Trần, Thị Lan |e Tác giả | ||
| 245 | |a Website quản lý đào tạo tín chỉ |c Trần Thị Lan | ||
| 260 | |a Đà Nẵng |b Đại học Đà Nẵng |c 2007 | ||
| 300 | |a 19 tr. |c 29 cm | ||
| 500 | |a Khóa luận tốt nghiệp khoa Tin học.Ngành: Cử nhân công nghệ thông tin. Lớp 031 CCT01 | ||
| 520 | |a Giới thiệu đề tài. Kết quả thực hiện đề tài. Sơ đồ USE Case. Sơ đồ lớp. Sơ đồ thực thể quan hệ. Giao diện | ||
| 653 | |a Website | ||
| 653 | |a Quản lý | ||
| 653 | |a Đào tạo tín chỉ | ||
| 653 | |a Giao diện | ||
| 653 | |a Sơ đồ | ||
| 700 | |a Nguyễn Văn Lành |c Th.S |e Hướng dẫn | ||
| OWN | |a LSP | ||
| AVA | |a UDN50 |b LSP |d 006.3 TR-L |e available |t Error 5001 Not defined in file expand_doc_bib_avail. |f 1 |g 0 |h N |i 0 |k 1 | ||
| 999 | |a From the UDN01 | ||
| AVA | |a UDN50 |b LSP |d 006.3 TR-L |e available |t Error 5001 Not defined in file expand_doc_bib_avail. |f 1 |g 0 |h N |i 0 |k 1 | ||
| TYP | |a Monograph | ||
| TYP | |a Printed language | ||
| 980 | |a Mạng thư viện Đại học Đà Nẵng | ||